| 000 | 00452nam a22001817a 4500 | ||
|---|---|---|---|
| 003 | CEME | ||
| 005 | 20210628202618.0 | ||
| 008 | 210209b xxu||||| |||| 00| 0 eng d | ||
| 020 | _a0-07-222429-0 | ||
| 040 | _c. | ||
| 082 | _a620.0042 COH | ||
| 100 |
_aCohn, David.S _960711 |
||
| 245 | _aThe complete reference autocad 2002 | ||
| 260 |
_aNEW YORK _bMCGRAW HILL _c2002 |
||
| 300 | _aXXIV,1111P | ||
| 650 |
_aAUTOCAD 200 _960712 |
||
| 942 |
_cBK _2ddc |
||
| 999 |
_c570377 _d570377 |
||